Pārīsukkup pō! / (Record no. 79057)

MARC details
000 -LEADER
fixed length control field 00689cam a22002291 4500
001 - CONTROL NUMBER
control field sa 68002880
003 - CONTROL NUMBER IDENTIFIER
control field DLC
005 - DATE AND TIME OF LATEST TRANSACTION
control field 20260227112447.0
008 - FIXED-LENGTH DATA ELEMENTS--GENERAL INFORMATION
fixed length control field 810428s1966 ii 000 1 tam
010 ## - LIBRARY OF CONGRESS CONTROL NUMBER
LC control number sa 68002880
035 ## - SYSTEM CONTROL NUMBER
System control number (OCoLC)21528253
040 ## - CATALOGING SOURCE
Original cataloging agency DLC
Transcribing agency NN
Modifying agency OCoLC
-- CU
-- DLC
042 ## - AUTHENTICATION CODE
Authentication code premarc
050 00 - LIBRARY OF CONGRESS CALL NUMBER
Classification number PL4758.9.J3
Item number P3
100 0# - MAIN ENTRY--PERSONAL NAME
Personal name Jeyakāntan̲,
Dates associated with a name 1934-
245 10 - TITLE STATEMENT
Title Pārīsukkup pō! /
Statement of responsibility, etc. [El̲utiyavar] Jeyakāntan̲. [1. patippu]
260 ## - PUBLICATION, DISTRIBUTION, ETC.
Place of publication, distribution, etc. Maturai:
Name of publisher, distributor, etc. Mīn̲āṭci Puttaka Nilaiyam,
Date of publication, distribution, etc. [1966]
300 ## - PHYSICAL DESCRIPTION
Extent 352 p. :
Dimensions 18 cm.
500 ## - GENERAL NOTE
General note Mīnāṭci, 71.
500 ## - GENERAL NOTE
General note In Tamil.
500 ## - GENERAL NOTE
General note A novel previously published serially in Ānanta Vikaṭan̲.

No items available.

Powered by Koha